[Event "Ceske Budejovice op-A"]
[Site "Ceske Budejovice"]
[Date "2023.07.08"]
[Round "8"]
[White "Horyna, Josef"]
[Black "Mai, Aron Thor"]
[Result "1/2-1/2"]
[WhiteElo "1691"]
[BlackElo "2032"]
[PlyCount "39"]
[EventDate "2023.07.01"]
[EventType "swiss"]
[EventRounds "9"]
[EventCountry "CZE"]
[SourceTitle "CBM 215 Extra"]
[Source "ChessBase"]
[SourceDate "2023.09.30"]
[SourceVersion "1"]
[SourceVersionDate "2023.09.30"]
[SourceQuality "1"]

1. d4 Nf6 2. Nf3 g6 3. c4 Bg7 4. Nc3 0-0 5. e4 d6 6. Bg5 e5 7. dxe5 dxe5 8. Be2 Re8 9. Nd5 Nxd5 10. cxd5 c6 11. dxc6 Qxd1+ 12. Bxd1 Nxc6 13. Be2 Be6 14. 0-0 Red8 15. Bb5 Re8 16. Bxc6 bxc6 17. Rac1 f6 18. Be3 a5 19. a3 Rab8 20. Nd2 1/2-1/2

[Event "Ceske Budejovice op-A"]
[Site "Ceske Budejovice"]
[Date "2023.07.04"]
[Round "4"]
[White "Linhart, Jaroslav"]
[Black "Mai, Aron Thor"]
[Result "1-0"]
[WhiteElo "1790"]
[BlackElo "2032"]
[PlyCount "81"]
[EventDate "2023.07.01"]
[EventType "swiss"]
[EventRounds "9"]
[EventCountry "CZE"]
[SourceTitle "CBM 215 Extra"]
[Source "ChessBase"]
[SourceDate "2023.09.30"]
[SourceVersion "1"]
[SourceVersionDate "2023.09.30"]
[SourceQuality "1"]

1. e4 Nc6 2. d4 d6 3. Nf3 Bg4 4. c3 e5 5. Be2 Nf6 6. d5 Nb8 7. Nbd2 g6 8. h3 Bd7 9. 0-0 Bg7 10. Qc2 0-0 11. Ne1 a5 12. Nd3 Na6 13. f4 exf4 14. Nxf4 Re8 15. Bf3 Nc5 16. Re1 Bb5 17. c4 Ba6 18. Nb3 Nxb3 19. axb3 b6 20. Be3 Nd7 21. Nd3 Ne5 22. Nxe5 Bxe5 23. Qf2 Qf6 24. Re2 Re7 25. Rd1 a4 26. Qe1 axb3 27. Qb4 Bxb2 28. Qxb3 Be5 29. Ra2 Ree8 30. Bg4 Qe7 31. Rdd2 Bg7 32. Bf3 f5 33. Re2 fxe4 34. Bg4 Be5 35. Be6+ Kh8 36. Rf2 Bf6 37. Qd1 Bxc4 38. Rxa8 Rxa8 39. Rxf6 c5 40. Rf7 Qh4 41. Bd4+ 1-0

[Event "Reykjavik Kvika op"]
[Site "Reykjavik"]
[Date "2022.04.10"]
[Round "6"]
[White "Mai, Aron Thor"]
[Black "Thorfinnsson, Bragi"]
[Result "0-1"]
[WhiteElo "2081"]
[BlackElo "2419"]
[PlyCount "96"]
[EventDate "2022.04.06"]
[EventType "swiss"]
[EventRounds "9"]
[EventCountry "ISL"]
[SourceTitle "CBM 207 Extra"]
[Source "ChessBase"]
[SourceDate "2022.05.31"]
[SourceVersion "1"]
[SourceVersionDate "2022.05.31"]
[SourceQuality "1"]

1. e4 d6 2. d4 Nf6 3. Nc3 Nbd7 4. h3 e5 5. Nge2 c6 6. g4 h6 7. Bg2 b5 8. 0-0 b4 9. Na4 Ba6 10. Re1 Bb5 11. b3 Bxa4 12. bxa4 c5 13. dxe5 dxe5 14. Ng3 g6 15. f4 Qc7 16. f5 c4 17. Qf3 Bc5+ 18. Kh1 h5 19. g5 Nh7 20. h4 0-0-0 21. Bf1 Bd4 22. Rb1 Bc3 23. Re3 Nb6 24. Rxc3 bxc3 25. a5 Na4 26. Rb4 Qxa5 27. Rxc4+ Kb8 28. Ba3 Rc8 29. Rb4+ Nb6 30. Rb3 Rhd8 31. Bb4 Qxa2 32. Bxc3 Rc5 33. Bd3 Ka8 34. Ne2 Nf8 35. Nc1 Qa4 36. Bb4 Rcc8 37. Qe2 Nfd7 38. Ba6 Nc5 39. Bxc8 Nxb3 40. Nxb3 Rxc8 41. Qd2 Qc6 42. Nc5 Na4 43. Nxa4 Qxa4 44. Qd5+ Qc6 45. c4 Qxd5 46. cxd5 Rc4 47. fxg6 fxg6 48. Be7 Rxe4 0-1

[Event "Reykjavik Kvika op"]
[Site "Reykjavik"]
[Date "2022.04.09"]
[Round "5"]
[White "Finnsson, Johann Arnar"]
[Black "Mai, Aron Thor"]
[Result "0-1"]
[WhiteElo "1805"]
[BlackElo "2081"]
[PlyCount "96"]
[EventDate "2022.04.06"]
[EventType "swiss"]
[EventRounds "9"]
[EventCountry "ISL"]
[SourceTitle "CBM 207 Extra"]
[Source "ChessBase"]
[SourceDate "2022.05.31"]
[SourceVersion "1"]
[SourceVersionDate "2022.05.31"]
[SourceQuality "1"]

1. g3 Nf6 2. Bg2 g6 3. c4 Bg7 4. Nc3 0-0 5. d3 d6 6. Rb1 c5 7. e3 Nc6 8. Nge2 Bd7 9. a3 Rb8 10. b4 b6 11. h4 Ne5 12. b5 Bg4 13. f4 Ned7 14. Qa4 Qc7 15. Bb2 e6 16. 0-0 Nh5 17. Bf3 Ndf6 18. e4 Bxf3 19. Rxf3 Ng4 20. Nd1 f5 21. Nf2 Nxf2 22. Kxf2 Nf6 23. Bxf6 Bxf6 24. Qc2 Rbe8 25. Re1 Qd7 26. a4 fxe4 27. dxe4 d5 28. e5 Bg7 29. Rd1 Qb7 30. Ng1 d4 31. Re1 Ra8 32. Rb3 a6 33. Nf3 axb5 34. Rxb5 Qc6 35. Reb1 Ra6 36. R1b2 Rd8 37. Qd3 Re8 38. Qc2 Bf8 39. Nd2 Be7 40. Ne4 Rf8 41. Qb1 Bxh4 42. Rxb6 Rxb6 43. Rxb6 Rxf4+ 44. Kg1 Qxe4 45. gxf4 Qe3+ 46. Kg2 Qf2+ 47. Kh1 Qf3+ 48. Kg1 Bf2+ 0-1

[Event "ISL-chT2 2122"]
[Site "Reykjavik"]
[Date "2021.10.02"]
[Round "3.1"]
[White "Mai, Aron Thor"]
[Black "Ingason, Sigurdur"]
[Result "1-0"]
[WhiteElo "2079"]
[BlackElo "1782"]
[PlyCount "51"]
[EventDate "2021.10.01"]
[EventType "team-tourn"]
[EventRounds "7"]
[EventCountry "ISL"]
[SourceTitle "EXT 2024"]
[Source "ChessBase"]
[SourceDate "2023.10.10"]
[SourceVersion "1"]
[SourceVersionDate "2023.10.10"]
[SourceQuality "1"]
[WhiteTeam "Reykjavik TR II"]
[BlackTeam "Vikingaklubburinn II"]
[WhiteTeamCountry "ISL"]
[BlackTeamCountry "ISL"]

1. e4 e5 2. Nf3 Nf6 3. Nxe5 d6 4. Nf3 Nxe4 5. Nc3 Nxc3 6. dxc3 Be7 7. Bf4 0-0 8. Qd2 Nd7 9. 0-0-0 Nc5 10. h4 c6 11. Ng5 d5 12. f3 Ne6 13. Bd3 h6 14. Nxe6 fxe6 15. Kb1 Bd6 16. Be3 Qf6 17. h5 e5 18. g4 e4 19. fxe4 Bxg4 20. Rdg1 dxe4 21. Bc4+ Be6 22. Bxe6+ Qxe6 23. Bxh6 Be5 24. Bxg7 Bxg7 25. h6 Kf7 26. hxg7 1-0

[Event "Reykjavik ISL-ch op"]
[Site "Reykjavik"]
[Date "2020.08.27"]
[Round "6"]
[White "Baldursson, Haraldur"]
[Black "Mai, Aron Thor"]
[Result "1/2-1/2"]
[WhiteElo "1892"]
[BlackElo "2094"]
[PlyCount "123"]
[EventDate "2020.08.22"]
[EventType "swiss"]
[EventRounds "9"]
[EventCountry "ISL"]
[SourceTitle "CBM 198 Extra"]
[Source "ChessBase"]
[SourceDate "2020.11.30"]
[SourceVersion "1"]
[SourceVersionDate "2020.11.30"]
[SourceQuality "1"]

1. d4 Nf6 2. Nf3 g6 3. Bg5 Bg7 4. Nc3 d5 5. e3 0-0 6. Bd3 c5 7. h3 cxd4 8. exd4 Nc6 9. a3 a6 10. 0-0 Bf5 11. Re1 Bxd3 12. Qxd3 b5 13. Ne5 Rc8 14. Nxc6 Rxc6 15. Re2 h6 16. Bh4 e6 17. g4 Qb6 18. Rd1 Rfc8 19. f4 Rc4 20. Bf2 Qb7 21. Rde1 b4 22. axb4 Qxb4 23. Nd1 Ne4 24. c3 Nxf2 25. Nxf2 Qd6 26. Qf3 Rf8 27. Nd3 Rc7 28. Ne5 Bxe5 29. Rxe5 Rb7 30. R1e2 Rfb8 31. f5 exf5 32. Rxd5 Qf6 33. b4 Rc7 34. gxf5 Rbc8 35. Rc5 Rxc5 36. bxc5 a5 37. Rf2 g5 38. Qb7 Qd8 39. Re2 Rb8 40. Qc6 a4 41. Qxa4 Rb1+ 42. Kf2 Qd5 43. Qe8+ Kg7 44. Qe5+ Qxe5 45. Rxe5 Kf6 46. c6 Rb8 47. c7 Rc8 48. Rc5 h5 49. Kf3 Ke7 50. Rc6 Kd7 51. Rf6 Ke7 52. d5 Kxf6 53. d6 Kxf5 54. d7 Rxc7 55. d8Q Rxc3+ 56. Kg2 Re3 57. Qd7+ Kg6 58. Qd6+ Re6 59. Qd5 h4 60. Kf3 Rf6+ 61. Kg2 Rf4 62. Qe5 1/2-1/2

[Event "Reykjavik ISL-ch op"]
[Site "Reykjavik"]
[Date "2020.08.24"]
[Round "3"]
[White "Mai, Aron Thor"]
[Black "Bewersdorff, Oliver"]
[Result "1/2-1/2"]
[WhiteElo "2094"]
[BlackElo "2283"]
[PlyCount "71"]
[EventDate "2020.08.22"]
[EventType "swiss"]
[EventRounds "9"]
[EventCountry "ISL"]
[SourceTitle "CBM 198 Extra"]
[Source "ChessBase"]
[SourceDate "2020.11.30"]
[SourceVersion "1"]
[SourceVersionDate "2020.11.30"]
[SourceQuality "1"]

1. e4 e5 2. Nf3 Nc6 3. d4 exd4 4. Nxd4 Nf6 5. Nxc6 bxc6 6. e5 Qe7 7. Qe2 Nd5 8. c4 Nb6 9. Nc3 Qe6 10. Qe4 d5 11. exd6 cxd6 12. Bf4 d5 13. cxd5 cxd5 14. Bb5+ Bd7 15. Bxd7+ Kxd7 16. Qe2 Qxe2+ 17. Kxe2 Bb4 18. Nb5 Rhe8+ 19. Kf3 Rec8 20. Rac1 a6 21. Nd4 Bc5 22. Rhd1 Bxd4 23. Rxd4 Rxc1 24. Bxc1 Rc8 25. Be3 Rc2 26. Rf4 Nc4 27. Rxf7+ Ke6 28. Rxg7 Rxb2 29. Rxh7 Rxa2 30. h4 Ne5+ 31. Kg3 Ra3 32. Rh6+ Kf5 33. Rh5+ Ke6 34. Rh6+ Kf5 35. Rh5+ Ke6 36. Rh6+ 1/2-1/2

[Event "Reykjavik Congress"]
[Site "Reykjavik"]
[Date "2020.01.22"]
[Round "6"]
[White "Acevedo Mendez, Lisseth"]
[Black "Mai, Aron Thor"]
[Result "0-1"]
[WhiteElo "1864"]
[BlackElo "2167"]
[PlyCount "160"]
[EventDate "2020.01.05"]
[EventType "swiss"]
[EventRounds "9"]
[EventCountry "ISL"]
[SourceTitle "CBM 194 Extra"]
[Source "ChessBase"]
[SourceDate "2020.03.31"]
[SourceVersion "1"]
[SourceVersionDate "2020.03.31"]
[SourceQuality "1"]

1. e4 c6 2. d4 d5 3. exd5 cxd5 4. Nf3 Nc6 5. Bd3 Bg4 6. c3 Qc7 7. h3 Bh5 8. Nbd2 e6 9. 0-0 Bd6 10. Re1 Nge7 11. Qc2 0-0-0 12. b4 Bg6 13. Qb1 Kb8 14. Nb3 Bxd3 15. Qxd3 Ng6 16. Nc5 Nf4 17. Qb5 Qb6 18. a4 h6 19. Qf1 g5 20. b5 Na5 21. Ne5 Bxe5 22. Rxe5 Ng6 23. Re1 Nf8 24. Ba3 Ka8 25. Qe2 Nd7 26. Reb1 Rhe8 27. Nxd7 Rxd7 28. Bc5 Qd8 29. Qh5 Qf6 30. Bb4 Nc4 31. a5 Rg8 32. Qg4 Qg6 33. Qg3 h5 34. Bc5 h4 35. Qg4 f5 36. Qe2 g4 37. hxg4 Qxg4 38. Qxg4 Rxg4 39. Kh2 Rdg7 40. Rg1 Re4 41. Rae1 Nxa5 42. f3 Rxe1 43. Rxe1 Rg6 44. Be7 Nc4 45. Bxh4 b6 46. Re2 Kb7 47. Be7 a6 48. bxa6+ Kxa6 49. Kh3 Kb5 50. Kh4 f4 51. Kh5 Rg8 52. Rxe6 Rxg2 53. Rf6 Re2 54. Bb4 Re3 55. Rxf4 Nd2 56. Rf5 Kc4 57. f4 Ne4 58. Rf8 Nxc3 59. Bd6 Kxd4 60. Be5+ Ke4 61. Rb8 Ne2 62. Rxb6 Nxf4+ 63. Bxf4 Kxf4 64. Rd6 Ke5 65. Rd8 Rg3 66. Kh4 Rg7 67. Re8+ Kd4 68. Rd8 Kc4 69. Rc8+ Kd3 70. Rd8 d4 71. Kh5 Kc3 72. Rc8+ Kd2 73. Rd8 d3 74. Kh4 Kc2 75. Rc8+ Kd1 76. Rd8 d2 77. Kh5 Rc7 78. Ra8 Kc2 79. Ra2+ Kd3 80. Ra3+ Ke2 0-1

[Event "Reykjavik Congress"]
[Site "Reykjavik"]
[Date "2020.01.15"]
[Round "4"]
[White "Bjornsson, Sigurbjorn"]
[Black "Mai, Aron Thor"]
[Result "1-0"]
[WhiteElo "2331"]
[BlackElo "2167"]
[PlyCount "59"]
[EventDate "2020.01.05"]
[EventType "swiss"]
[EventRounds "9"]
[EventCountry "ISL"]
[SourceTitle "CBM 194 Extra"]
[Source "ChessBase"]
[SourceDate "2020.03.31"]
[SourceVersion "1"]
[SourceVersionDate "2020.03.31"]
[SourceQuality "1"]

1. e4 c6 2. d4 d5 3. Nd2 dxe4 4. Nxe4 Bf5 5. Ng3 Bg6 6. Nh3 Nf6 7. Bc4 e6 8. c3 Bd6 9. Nf4 Qc7 10. Qf3 Nbd7 11. h4 e5 12. Nxg6 hxg6 13. Bg5 0-0-0 14. 0-0-0 exd4 15. cxd4 Nb6 16. Bb3 Rde8 17. Bxf6 gxf6 18. Qxf6 Bxg3 19. fxg3 Qxg3 20. Bxf7 Rhf8 21. Rhf1 Nd5 22. Qxg6 Qe3+ 23. Kb1 Rxf7 24. Rf3 Rf5 25. Rxf5 Qe2 26. Rf7 Kb8 27. Qf5 Qc4 28. Qf3 Qb5 29. Rf8 Nc3+ 30. Ka1 1-0

[Event "ISL-chT1 1920"]
[Site "Reykjavik"]
[Date "2019.10.05"]
[Round "4.3"]
[White "Jonsson, Bjorgvin"]
[Black "Mai, Aron Thor"]
[Result "1-0"]
[WhiteElo "2334"]
[BlackElo "2153"]
[PlyCount "45"]
[EventDate "2019.10.03"]
[EventType "team-tourn"]
[EventRounds "9"]
[EventCountry "ISL"]
[SourceTitle "CBM 195 Extra"]
[Source "ChessBase"]
[SourceDate "2020.05.31"]
[SourceVersion "1"]
[SourceVersionDate "2020.05.31"]
[SourceQuality "1"]
[WhiteTeam "Breidjablik Bolungarvik"]
[BlackTeam "Taflfelag Reykjavikur II"]
[WhiteTeamCountry "ISL"]
[BlackTeamCountry "ISL"]

1. e4 c6 2. d4 d5 3. e5 Bf5 4. Nc3 e6 5. g4 Bg6 6. Nge2 c5 7. Be3 Nc6 8. dxc5 Nxe5 9. Nd4 Ne7 10. Bb5+ N5c6 11. f4 h5 12. f5 exf5 13. g5 a6 14. Ba4 f4 15. Bxf4 b5 16. cxb6 Qxb6 17. Nxc6 Nxc6 18. Qxd5 Rc8 19. 0-0-0 Qb7 20. Rhe1+ Be7 21. Rxe7+ Kxe7 22. Qd6+ Ke8 23. Re1+ 1-0

[Event "ISL-chT1 1819"]
[Site "Reykjavik"]
[Date "2018.11.11"]
[Round "5.1"]
[White "Thorhallsson, Throstur"]
[Black "Mai, Aron Thor"]
[Result "1-0"]
[WhiteElo "2422"]
[BlackElo "2027"]
[PlyCount "71"]
[EventDate "2018.11.08"]
[EventType "team-tourn"]
[EventRounds "9"]
[EventCountry "ISL"]
[SourceTitle "CBM 187 Extra"]
[Source "ChessBase"]
[SourceDate "2018.11.04"]
[SourceVersion "1"]
[SourceVersionDate "2018.11.04"]
[SourceQuality "1"]
[WhiteTeam "Skakfelagidj Huginn"]
[BlackTeam "Taflfelag Reykjavikur II"]
[WhiteTeamCountry "ISL"]
[BlackTeamCountry "ISL"]

1. e4 c6 2. d4 d5 3. exd5 cxd5 4. Bd3 Nc6 5. c3 Qc7 6. h3 Nf6 7. Nf3 g6 8. Qe2 Bg7 9. 0-0 0-0 10. Re1 b6 11. Nbd2 Bb7 12. Nf1 e6 13. Bg5 Ne7 14. Ne5 Nc8 15. Ng3 Nd6 16. Bf4 Qd8 17. f3 Rc8 18. Qc2 Nfe8 19. Qf2 b5 20. Bc2 a5 21. Rac1 b4 22. Ba4 bxc3 23. bxc3 Ba6 24. Nd7 Rc4 25. Nc5 Nb5 26. Bxb5 Bxb5 27. Nf1 Qc8 28. Nd2 Qxc5 29. dxc5 Rxf4 30. Nb3 Ra4 31. Nd4 Bc4 32. Rc2 Nc7 33. Qg3 Na6 34. Qd6 Rb8 35. c6 Rc8 36. Nxe6 1-0

[Event "ISL-chT1 1819"]
[Site "Reykjavik"]
[Date "2018.11.10"]
[Round "3.1"]
[White "Mai, Aron Thor"]
[Black "Johannesson, Oliver Aron"]
[Result "0-1"]
[WhiteElo "2027"]
[BlackElo "2273"]
[PlyCount "112"]
[EventDate "2018.11.08"]
[EventType "team-tourn"]
[EventRounds "9"]
[EventCountry "ISL"]
[SourceTitle "CBM 187 Extra"]
[Source "ChessBase"]
[SourceDate "2018.11.04"]
[SourceVersion "1"]
[SourceVersionDate "2018.11.04"]
[SourceQuality "1"]
[WhiteTeam "Taflfelag Reykjavikur II"]
[BlackTeam "Skakdeild Fjolnis"]
[WhiteTeamCountry "ISL"]
[BlackTeamCountry "ISL"]

1. e4 c5 2. Nf3 Nc6 3. d4 cxd4 4. Nxd4 e6 5. Nc3 Qc7 6. Be3 a6 7. Qf3 Ne5 8. Qg3 h5 9. h4 Nf6 10. 0-0-0 d6 11. Bf4 Bd7 12. Be2 b5 13. a3 Rc8 14. Kb1 Be7 15. Qxg7 Ng6 16. Bg5 Rh7 17. Bxf6 Rxg7 18. Bxg7 Nf4 19. Bf1 Qb7 20. g3 Ng6 21. g4 b4 22. axb4 Qxb4 23. gxh5 Rxc3 24. hxg6 fxg6 25. Nxe6 Qxe4 26. Bxc3 Qxh1 27. Re1 Qxh4 28. Bxa6 Kf7 29. Nd4 Bf6 30. Rd1 Qh5 31. Rg1 Qc5 32. b3 Bxd4 33. Bc4+ Qxc4 34. bxc4 Bxc3 35. Rd1 Bb4 36. Kb2 Bf5 37. Kb3 Bc5 38. Rd2 Kf6 39. Kb2 Ke5 40. Kc1 Kf4 41. c3 Be6 42. Kd1 Bxc4 43. Ke1 d5 44. Kd1 Kf3 45. Ke1 Bb6 46. Rc2 Ba5 47. Rc1 d4 48. Kd1 Bxc3 49. Kc2 Kxf2 50. Rh1 g5 51. Rh5 g4 52. Rh6 Bd5 53. Rd6 Be4+ 54. Kc1 d3 55. Kb1 d2+ 56. Ka2 Bf3 0-1

[Event "Douglas IoM op"]
[Site "Douglas"]
[Date "2018.10.28"]
[Round "9"]
[White "Harari, Zaki"]
[Black "Mai, Aron Thor"]
[Result "1/2-1/2"]
[WhiteElo "2055"]
[BlackElo "2063"]
[PlyCount "42"]
[EventDate "2018.10.20"]
[EventType "swiss"]
[EventRounds "9"]
[EventCountry "ENG"]
[SourceTitle "CBM 187"]
[Source "ChessBase"]
[SourceDate "2018.12.11"]
[SourceVersion "1"]
[SourceVersionDate "2018.12.11"]
[SourceQuality "1"]

1. e4 c6 2. d3 d5 3. Qe2 dxe4 4. dxe4 e5 5. g3 Nf6 6. Bg2 Bc5 7. Nf3 Qc7 8. 0-0 0-0 9. Nbd2 a5 10. Nb3 Be7 11. a4 Nbd7 12. Re1 b6 13. h3 Ba6 14. Qe3 Rfe8 15. Bd2 Nc5 16. Nxc5 Bxc5 17. Qb3 Nd7 18. Rad1 Bd6 19. Qe3 Bc5 20. Qb3 Bd6 21. Qe3 Bc5 1/2-1/2

[Event "Douglas IoM op"]
[Site "Douglas"]
[Date "2018.10.27"]
[Round "8"]
[White "Mai, Aron Thor"]
[Black "Bellon Lopez, Juan Manuel"]
[Result "0-1"]
[WhiteElo "2063"]
[BlackElo "2342"]
[PlyCount "68"]
[EventDate "2018.10.20"]
[EventType "swiss"]
[EventRounds "9"]
[EventCountry "ENG"]
[SourceTitle "CBM 187"]
[Source "ChessBase"]
[SourceDate "2018.12.11"]
[SourceVersion "1"]
[SourceVersionDate "2018.12.11"]
[SourceQuality "1"]

1. e4 c5 2. Nf3 Nc6 3. d4 cxd4 4. Nxd4 Qc7 5. Nc3 e6 6. Be3 Nf6 7. Qf3 a6 8. 0-0-0 Bb4 9. Nxc6 bxc6 10. Bd4 Bd6 11. Na4 Be5 12. Nb6 Rb8 13. Bxe5 Qxe5 14. Nc4 Qg5+ 15. Kb1 0-0 16. Be2 Qc5 17. Nd2 d5 18. e5 Nd7 19. Qg3 Qb6 20. b3 a5 21. Bd3 c5 22. Nf3 h6 23. c3 a4 24. Bc2 Qa5 25. Ne1 axb3 26. axb3 Qa3 27. Qd3 g6 28. c4 d4 29. Qg3 Ra8 30. Bxg6 Qa1+ 31. Kc2 Ra2+ 32. Kd3 Qxd1+ 33. Ke4 Qe2+ 34. Kf4 Qxe5+ 0-1

[Event "Douglas IoM op"]
[Site "Douglas"]
[Date "2018.10.20"]
[Round "1"]
[White "Prithu, Gupta"]
[Black "Mai, Aron Thor"]
[Result "1-0"]
[WhiteElo "2458"]
[BlackElo "2063"]
[PlyCount "81"]
[EventDate "2018.10.20"]
[EventType "swiss"]
[EventRounds "9"]
[EventCountry "ENG"]
[SourceTitle "CBM 187"]
[Source "ChessBase"]
[SourceDate "2018.12.11"]
[SourceVersion "1"]
[SourceVersionDate "2018.12.11"]
[SourceQuality "1"]

1. Nf3 Nf6 2. c4 g6 3. g3 Bg7 4. Bg2 0-0 5. 0-0 d6 6. d4 Nbd7 7. Nc3 e5 8. e4 exd4 9. Nxd4 Re8 10. b3 a6 11. Bb2 Rb8 12. Re1 Ne5 13. f4 Ned7 14. Qd2 Nc5 15. b4 Ne6 16. Nd5 Bd7 17. Rac1 h5 18. Nf3 Nf8 19. Qc3 Re6 20. f5 Ne8 21. Qd2 gxf5 22. exf5 Bh6 23. Qc3 Bg7 24. Qd2 Bh6 25. fxe6 Bxd2 26. e7 Qc8 27. exf8Q+ Kxf8 28. Nxd2 c6 29. Nf6 Be6 30. Nde4 Qd8 31. Nxe8 Kxe8 32. Bf6 Qb6+ 33. c5 dxc5 34. Nd6+ Kf8 35. bxc5 Qa5 36. Re5 Qa3 37. Rf1 Bd5 38. Be7+ Kg8 39. Rg5+ Kh7 40. Rxf7+ Kh6 41. Nf5# 1-0

[Event "Reykjavik TR CC-A"]
[Site "Reykjavik"]
[Date "2018.09.26"]
[Round "7"]
[White "Mai, Aron Thor"]
[Black "Ragnarsson, Dagur"]
[Result "0-1"]
[WhiteElo "2062"]
[BlackElo "2249"]
[PlyCount "61"]
[EventDate "2018.09.09"]
[EventType "tourn"]
[EventRounds "7"]
[EventCountry "ISL"]
[SourceTitle "CBM 186 Extra"]
[Source "ChessBase"]
[SourceDate "2018.08.24"]
[SourceVersion "1"]
[SourceVersionDate "2018.08.24"]
[SourceQuality "1"]

1. Nf3 Nf6 2. c4 c5 3. g3 Nc6 4. Bg2 d5 5. cxd5 Nxd5 6. Nc3 Nc7 7. 0-0 e5 8. d3 Be7 9. Nd2 Bd7 10. Nc4 f6 11. a4 Rb8 12. Nb5 0-0 13. Bxc6 bxc6 14. Nxc7 Qxc7 15. Qc2 Bh3 16. Re1 f5 17. f4 Bf6 18. Be3 Rfe8 19. Bxc5 exf4 20. Bd6 Bd4+ 21. e3 Rxe3 22. Rxe3 Bxe3+ 23. Kh1 Qd7 24. gxf4 Bd4 25. Re1 c5 26. Bxb8 Qc6+ 27. Re4 fxe4 28. dxe4 Qg6 29. Ne3 Bxe3 30. Qb3+ Kh8 31. Qd1 0-1

[Event "Reykjavik TR CC-A"]
[Site "Reykjavik"]
[Date "2018.09.21"]
[Round "5"]
[White "Mai, Aron Thor"]
[Black "Ingvason, Johann"]
[Result "1-0"]
[WhiteElo "2062"]
[BlackElo "2185"]
[PlyCount "83"]
[EventDate "2018.09.09"]
[EventType "tourn"]
[EventRounds "7"]
[EventCountry "ISL"]
[SourceTitle "CBM 186 Extra"]
[Source "ChessBase"]
[SourceDate "2018.08.24"]
[SourceVersion "1"]
[SourceVersionDate "2018.08.24"]
[SourceQuality "1"]

1. Nf3 b6 2. g3 Bb7 3. Bg2 e6 4. 0-0 c5 5. d3 d5 6. Nbd2 Nf6 7. Re1 Qd6 8. e4 dxe4 9. dxe4 Qc7 10. e5 Nd5 11. c4 Nb4 12. Ne4 Bxe4 13. Rxe4 N8a6 14. a3 Rd8 15. Qa4+ Nc6 16. Qxa6 Rd1+ 17. Re1 Rxe1+ 18. Nxe1 Nxe5 19. Bf4 Bd6 20. Qa4+ Ke7 21. Rd1 Rd8 22. Bxe5 Bxe5 23. Rxd8 Qxd8 24. Qxa7+ Kf6 25. Qa8 Qd2 26. Qf3+ Ke7 27. Nd3 Bxb2 28. Nxb2 Qxb2 29. Bf1 f5 30. a4 Kf6 31. Qc6 h5 32. Qb5 Qd4 33. Qxb6 f4 34. Qc7 fxg3 35. hxg3 g5 36. Qh7 Qg4 37. Qh8+ Kf7 38. Qe5 h4 39. Qxc5 h3 40. Kh2 Qd1 41. Bxh3 Qxa4 42. Qxg5 1-0

[Event "Reykjavik TR CC-A"]
[Site "Reykjavik"]
[Date "2018.09.16"]
[Round "3"]
[White "Mai, Aron Thor"]
[Black "Jonsson, Gauti Pall"]
[Result "0-1"]
[WhiteElo "2062"]
[BlackElo "2100"]
[PlyCount "124"]
[EventDate "2018.09.09"]
[EventType "tourn"]
[EventRounds "7"]
[EventCountry "ISL"]
[SourceTitle "CBM 186 Extra"]
[Source "ChessBase"]
[SourceDate "2018.08.24"]
[SourceVersion "1"]
[SourceVersionDate "2018.08.24"]
[SourceQuality "1"]

1. e4 c5 2. Nf3 g6 3. g3 Bg7 4. Bg2 Nc6 5. 0-0 e5 6. d3 Nge7 7. Nc3 0-0 8. Nd2 d6 9. Nc4 Be6 10. Ne3 f5 11. Ned5 Bxd5 12. Nxd5 Nxd5 13. exd5 Ne7 14. f4 Rb8 15. a4 b6 16. c3 a6 17. Be3 Qc7 18. Ra2 h6 19. Qd2 Kh7 20. b4 cxb4 21. cxb4 Rfc8 22. Rf2 Qd7 23. h3 exf4 24. gxf4 Bc3 25. Qe2 Re8 26. d4 Qb7 27. Qc4 Rbc8 28. Qb3 Be1 29. Rfe2 Bh4 30. Bd2 Bf6 31. Bc3 Qc7 32. Rac2 Qc4 33. Qxc4 Rxc4 34. Be1 Rec8 35. Rxc4 Rxc4 36. Bf2 Kg7 37. Re6 Rxb4 38. Rxd6 Kf7 39. Rxf6+ Kxf6 40. d6 Ke6 41. dxe7 Kxe7 42. Bc6 Kd6 43. d5 b5 44. axb5 axb5 45. Ba7 Rb1+ 46. Kf2 b4 47. Bb8+ Kc5 48. Ba7+ Kd6 49. Ke2 b3 50. Kd2 Rh1 51. Kc3 Rxh3+ 52. Kb2 Rd3 53. Bb8+ Kc5 54. Bb7 g5 55. fxg5 hxg5 56. Be5 Rxd5 57. Bxd5 Kxd5 58. Bh2 Kc4 59. Bc7 f4 60. Bb8 f3 61. Bg3 Kd3 62. Kxb3 Ke2 0-1

[Event "Helsingor Xtracon op"]
[Site "Helsingor"]
[Date "2018.07.27"]
[Round "8"]
[White "Mai, Aron Thor"]
[Black "Matras, Ove"]
[Result "1/2-1/2"]
[WhiteElo "2119"]
[BlackElo "1839"]
[PlyCount "68"]
[EventDate "2018.07.21"]
[EventType "swiss"]
[EventRounds "10"]
[EventCountry "DEN"]
[SourceTitle "CBM 185 Extra"]
[Source "ChessBase"]
[SourceDate "2018.07.29"]
[SourceVersion "1"]
[SourceVersionDate "2018.07.29"]
[SourceQuality "1"]

1. Nf3 d5 2. g3 c5 3. Bg2 Nc6 4. 0-0 e5 5. d3 Bd6 6. Nc3 Nge7 7. Nd2 Be6 8. e4 d4 9. Nd5 Nb4 10. Nxe7 Bxe7 11. b3 h5 12. a3 Nc6 13. f4 exf4 14. gxf4 Bg4 15. Bf3 Qd7 16. Kh1 g5 17. f5 b5 18. a4 Ne5 19. axb5 Bh3 20. Rg1 Bg4 21. b6 a6 22. Qf1 Qd6 23. Be2 Bd8 24. Ra4 Bxb6 25. Nc4 Nxc4 26. Rxc4 f6 27. Qf2 Kf7 28. Bd2 a5 29. Ra1 Bxe2 30. Qxe2 g4 31. Rf1 Qc6 32. Bf4 h4 33. Qxg4 Rag8 34. Qh3 Bc7 1/2-1/2

[Event "Reykjavik Icelandic op"]
[Site "Reykjavik"]
[Date "2018.06.08"]
[Round "9"]
[White "Briem, Stephan"]
[Black "Mai, Aron Thor"]
[Result "0-1"]
[WhiteElo "1957"]
[BlackElo "2033"]
[PlyCount "70"]
[EventDate "2018.06.01"]
[EventType "swiss"]
[EventRounds "10"]
[EventCountry "ISL"]
[SourceTitle "CBM 184 Extra"]
[Source "ChessBase"]
[SourceDate "2018.06.28"]
[SourceVersion "1"]
[SourceVersionDate "2018.06.28"]
[SourceQuality "1"]

1. Nf3 Nf6 2. b3 g6 3. g3 Bg7 4. Bb2 0-0 5. Bg2 d6 6. d4 Nbd7 7. 0-0 Re8 8. c4 a6 9. Nc3 e5 10. e4 exd4 11. Nxd4 Rb8 12. Re1 Nc5 13. Qd2 Bd7 14. b4 Ne6 15. Nc2 b5 16. cxb5 axb5 17. Ne3 Nf8 18. h3 Be6 19. f4 N8d7 20. Ne2 Nb6 21. Nd4 Bd7 22. Qd3 Na4 23. Nd1 Nxb2 24. Nxb2 Nh5 25. Rac1 Qc8 26. Kh2 c5 27. e5 c4 28. Qc3 dxe5 29. fxe5 Rxe5 30. Rcd1 Qc7 31. Rf1 Rbe8 32. Qf3 f5 33. Nc2 Re4 34. Rb1 Be5 35. Nd1 Nxg3 0-1